000 00709nam a2200205Ia 4500
003 GCL
008 140319s9999 xx 000 0 ara d
020 _a2055505977
040 _aGCL /
_cGCL
082 0 4 _a723.3
_bت ع
100 1 _aتوفيق احمد عبد الجواد
245 1 0 _aالعمارة الاسلامية : فكر وحضارة /
_cتوفيق احمد عبد الجواد
260 _aالقاهرة :
_bمكتبة الانجلوالمصرية ،
_c1987
300 _a492 ص ؛
_c32 سم
650 0 4 _aالعمارة الاسلامية
650 0 4 _aالمساجد
650 0 4 _aالمدن الاسلامية
650 0 4 _aالعمارة الاسلامية - مصر
942 _2ddc
_cBK
999 _c6051
_d6051